Statistiken für 100 größte Orte Österreichs

Klicken Sie hier um das Quiz zu spielen!

Allgemein

  • Dieses Quiz wurde 142 mal gespielt
  • Das Durchschnittsergebnis liegt bei 45 aus 100

Antwortstatistiken

EinwohnerOrt% Korrekt
1 897 491Wien
100%
154 211Salzburg
99%
132 110Innsbruck
97%
288 806Graz
96%
100 817Klagenfurt am Wörthersee
95%
205 726Linz
95%
55 044Sankt Pölten
90%
45 277Wiener Neustadt
86%
62 243Villach
85%
29 762Bregenz
81%
14 637Eisenstadt
79%
49 563Dornbirn
75%
61 727Wels
74%
15 837Bruck an der Mur
73%
33 862Feldkirch
68%
13 942Hall in Tirol
68%
38 193Steyr
66%
11 868Lienz
65%
24 876Krems an der Donau
62%
24 584Leoben
59%
19 461Kufstein
58%
20 570Mödling
58%
11 017Sankt Johann im Pongau
58%
9 477Sankt Johann in Tirol
58%
9 854Zell am See
58%
23 727Amstetten
57%
21 170Hallein
56%
14 645Bludenz
55%
24 998Wolfsberg
55%
25 906Baden
53%
12 055Ried im Innkreis
53%
13 158Gmunden
52%
16 144Tulln an der Donau
52%
17 228Braunau am Inn
51%
18 564Schwechat
51%
15 365Spittal an der Drau
51%
27 368Klosterneuburg
50%
22 918Lustenau
50%
14 011Wörgl
50%
12 557Sankt Veit an der Glan
49%
10 628Imst
48%
13 618Schwaz
48%
22 753Kapfenberg
47%
10 574Bischofshofen
45%
11 924Brunn am Gebirge
44%
13 245Korneuburg
44%
12 324Vöcklabruck
44%
14 307Feldkirchen in Kärnten
43%
9 899Judenburg
43%
12 374Leibnitz
42%
28 795Leonding
42%
24 650Traun
42%
10 885Zwettl-Niederösterreich
42%
12 709Neunkirchen
40%
11 663Deutschlandsberg
39%
11 471Mistelbach
39%
16 820Saalfelden am Steinernen Meer
39%
11 261Waidhofen an der Ybbs
39%
12 035Enns
38%
15 920Telfs
38%
11 577Gänserndorf
37%
11 701Weiz
37%
14 126Bad Ischl
36%
11 798Hollabrunn
35%
12 623Knittelfeld
35%
17 010Stockerau
35%
18 937Traiskirchen
35%
10 889Völkermarkt
35%
12 062Bad Vöslau
32%
9 400Voitsberg
32%
13 213Wals-Siezenheim
32%
16 654Ansfelden
31%
16 560Hohenems
31%
9 314Sankt Valentin
29%
11 427Groß-Enzersdorf
28%
13 511Feldbach
27%
11 709Götzis
27%
13 614Hard
27%
13 802Marchtrenk
26%
14 606Ternitz
26%
11 294Gerasdorf bei Wien
24%
10 884Seekirchen am Wallersee
24%
10 777Gleisdorf
23%
15 022Perchtoldsdorf
23%
9 713Purkersdorf
23%
11 837Rankweil
23%
9 922Sankt Andrä
23%
9 239Rum
21%
10 392Strasshof an der Nordbahn
21%
11 216Seiersberg-Pirka
20%
12 931Gratwein-Straßengel
19%
10 281Lauterach
19%
11 084Ebreichsdorf
18%
9 855Köflach
17%
9 433Wiener Neudorf
17%
9 171Guntramsdorf
14%
11 131Trofaiach
12%
9 841Laakirchen
11%
9 782Altmünster
9%
9 329Sierning
9%

Verteilung der Resultate

Perzentil nach korrekt beantworteten Fragen

Anzahl Personen mit jedem Resultat

Ihre Resultats-Entwicklung

Sie haben dieses Quiz noch nicht gespielt